Військова, науково-публіцистична та громадська діяльність М. I. Драгомирова (1830–1905) (Запис № 460759)
[ простий вигляд ]
| 000 -Лідер | |
|---|---|
| fixed length control field | 02481nam a22002657a 4500 |
| 001 - Контрольний номер | |
| control field | 216218866 |
| 003 - Ідентифікатор контрольного номера | |
| control field | UA-OsUOA |
| 005 - Дата та час останнього входження (трансакції) | |
| control field | 20210101173904.0 |
| 008 - Елементи даних фіксованої довжини – загальна інформація | |
| fixed length control field | 200718b un ||||| m||| 00| 0 ukr d |
| 040 ## - Джерело каталогізації | |
| Агенція оригінальної каталогізації | UA-OsUOA |
| Мова каталогізації | ukr |
| Агенція, яка здійснювала перезапис | UA-OsUOA |
| Агенція, яка здійснювала модифікацію | UA-OsUOA |
| 041 ## - Код мови | |
| Код мови тексту/ звукової доріжки чи окремого заголовка (П) | ukr |
| 080 ## - Індекс Універсальної десяткової класифікації | |
| Індекс Універсальної десяткової класифікації (УДК) (НП) | 94(470)"18/19" |
| 090 ## - Локальний шифр розміщення | |
| Класифікаційний індекс УДК | 94(470)"18/19" |
| 095 ## - Код спеціальності для авторефератів | |
| Код спеціальності | 07.00.02 |
| Назва спеціальності | всесвітня історія |
| 100 ## - Основне введення – ім’я особи | |
| Ім’я особи (НП) | Іванова В. О. |
| 245 ## - Відомості про назву | |
| Назва (НП) | Військова, науково-публіцистична та громадська діяльність М. I. Драгомирова (1830–1905) |
| Дані про відповідальність (НП) | Іванова Віра Олексіївна ; наук. керівник Бережна Світлана Вікторівна |
| 260 ## - Публікація, розповсюдження і т.п. (Вихідні дані) | |
| Місце публікації, розповсюдження і т.п. (П) | Тернопіль |
| Дата публікації, розповсюдження і т.п. (П) | 2014 |
| 300 ## - Фізичний опис | |
| Обсяг | 15 с. |
| 502 ## - Примітка про дисертацію | |
| Зв'язок | Автореферат дисертації на здобуття наукового ступеня кандидата історичних наук<br/> |
| Наймення інституції, що представляється | Тернопільський національний педагогічний університет імені Володимира Гнатюка |
| Рік отримання вченого ступеня | 2014 |
| 520 ## - Резюме і т.п. | |
| Резюме, реферат, анотація, тощо (НП) | У дисертації вперше всебічно і комплексно досліджено військову, громадську та науково-публіцистичну діяльність М. Драгомирова в контексті суспільно-політичних процесів у Російській імперії другої половини XIX – початку XX ст. Простежено процес світоглядного та професійного становлення генерала; з’ясовано роль М. Драгомирова у розбудові військової школи другої половини XIX ст.; вивчено його участь у військових конфліктах Російської імперії; визначено внесок генерала у процес реформування армії; розглянуто здобутки М. Драгомирова як громадського діяча; подано характеристику його науково-публіцистичного доробку. |
| 650 ## - Додаткове предметне введення – тематичний термін | |
| Джерело заголовка чи терміна | UDC |
| Тематичний термін чи географічна назва, як елемент введення (НП) | 94 Історія |
| 942 ## - Додаткові елементи входу (Коха) | |
| Source of classification or shelving scheme | Universal Decimal Classification |
| Тип елемента Koha | Автореферат |
| 955 ## - Код типу видання за змістом | |
| Код типу видання за змістом (НП) | Наукові видання |
Немає доступних примірників.